书目信息 |
| 题名: |
英语形似句
|
|
| 作者: | 林纪熹 编著 | |
| 分册: | ||
| 出版信息: | 北京 商务印书馆国际有限公司 1996 |
|
| 页数: | 150页 | |
| 开本: | 20cm | |
| 丛书名: | 当代英语 | |
| 单 册: | ||
| 中图分类: | H314.3 , H31 | |
| 科图分类: | ||
| 主题词: | 英语-句法--自学参考资料 , 句法-英语--自学参考资料 , 英语 | |
| 电子资源: | ||
| ISBN: | 7-80103-070-2 | |
| 000 | 00845nam2 2200301 45 | |
| 001 | 0197010178 | |
| 005 | 20040512104333.8 | |
| 010 | @a7-80103-070-2@dCNY9.80 | |
| 100 | @a19970409d1996 em y0chiy0121 ea | |
| 101 | 0 | @achi@aeng |
| 102 | @aCN@b110000 | |
| 105 | @ay z 000yy | |
| 106 | @ar | |
| 200 | 10 | @a英语形似句@Aying yu xing si ju@f林纪熹编著 |
| 210 | @a北京@c商务印书馆国际有限公司@d1996 | |
| 215 | @a150页@d20cm | |
| 225 | 2 | @a当代英语@dContemporary English@zeng |
| 300 | @a据商务印书馆(香港)有限公司1993年版编印 | |
| 410 | 0 | @120010@a当代英语 |
| 540 | 1 | @a形似句@Axing si ju |
| 606 | @a英语-句法@x自学参考资料 | |
| 606 | @a句法-英语@x自学参考资料 | |
| 606 | 0 | @a英语 |
| 690 | @aH314.3@v3 | |
| 690 | @aH31 | |
| 701 | 0 | @a林纪熹@Alin ji xi@4编著 |
| 801 | 0 | @aCN@bNLC@c19970514 |
| 905 | @f2@b272764-765@dH31@e398:2 | |
| 英语形似句/林纪熹编著.-北京:商务印书馆国际有限公司,1996 |
| 150页;20cm.-(当代英语=Contemporary English) |
| 据商务印书馆(香港)有限公司1993年版编印 |
| ISBN 7-80103-070-2:CNY9.80 |
| ● |
| 相关链接 |
|
|
|
|
正题名:英语形似句
索取号:H31/398:2
 
预约/预借
| 序号 | 登录号 | 条形码 | 馆藏地/架位号 | 状态 | 备注 |
| 1 | 0272763 | 000943876 | 第二样本阅览室/ [索取号:H31/398:2] | 在馆 | |
| 2 | 0272764 | 001471026 | 第四借阅区/ [索取号:H31/398:2] | 在馆 | |
| 3 | 0272765 | 000943787 | 第四借阅区/ [索取号:H31/398:2] | 在馆 |